000 00432nam a2200157Ia 4500
008 151021s9999 xx 000 0 und d
020 _a9.7881775823e+012
050 _aQD261.V631996
245 _a_Vogel's Qualitative Inorganic Analysis
250 _a7th ed.
260 _aIndia Dorling Kindersley 2008
300 _a359p.:ill
500 _aIncludes Index
650 _a_Reactions
980 _a^d20110118 08:53:42^okilerai
999 _c5700
_d5700